[Event "12th EUR-ch"]
[Site "Aix-les-Bains FRA"]
[Date "2011.03.22"]
[Round "1.29"]
[White "Bologan, Viorel"]
[Black "Dragomirescu, Robin-Alexandru"]
[Result "1-0"]
[WhiteElo "2671"]
[BlackElo "2385"]
[EventDate "2011.03.22"]
[PlyCount "62"]

1.e4 e5 2.Nf3 Nc6 3.Bc4 Bc5 4.O-O Nf6 5.d3 d6 6.c3 O-O 7.h3 a6 8.Bb3 Ba7 
9.Re1 h6 10.Nbd2 Re8 11.Nf1 Be6 12.Bc2 d5 13.Qe2 b5 14.N3h2 dxe4 15.dxe4 
Qe7 16.Ng3 Rad8 17.a4 b4 18.Qxa6 Rd6 19.Qe2 b3 20.Bd3 Red8 21.Bb5 Na5 22.
Qf3 Nh7 23.Nf5 Bxf5 24.exf5 e4 25.Rxe4 Rd1+ 26.Nf1 Qf6 27.Re8+ Nf8 28.Qg4 
R8d6 29.Bxh6 Rxf1+ 30.Rxf1 Qxh6 31.Qe4 Bb6 1-0

[Event "12th EUR-ch"]
[Site "Aix-les-Bains FRA"]
[Date "2011.03.22"]
[Round "1.30"]
[White "Petrisor, Adrian-Marian"]
[Black "Nielsen, Peter Heine"]
[Result "0-1"]
[WhiteElo "2385"]
[BlackElo "2670"]
[EventDate "2011.03.22"]
[PlyCount "66"]

1.e4 e5 2.Nf3 Nc6 3.Nc3 Nf6 4.Bb5 Bc5 5.d3 O-O 6.O-O Nd4 7.Nxd4 Bxd4 8.Bg5
c6 9.Bc4 h6 10.Bh4 b5 11.Bb3 a5 12.a4 b4 13.Ne2 Ba7 14.Kh1 g5 15.Bg3 d6 
16.f3 Nh5 17.Be1 Kh8 18.c3 bxc3 19.Bxc3 Rb8 20.Bc4 Nf4 21.Nxf4 gxf4 22.d4 
Qf6 23.dxe5 dxe5 24.Bxa5 Rxb2 25.Bc3 Rxg2 26.Kxg2 Rg8+ 27.Kh1 Bh3 28.Rg1 
Rxg1+ 29.Qxg1 Bxg1 30.Rxg1 Qe7 31.a5 Qc5 32.a6 Kh7 33.a7 Qf2 0-1

[Event "12th EUR-ch"]
[Site "Aix-les-Bains FRA"]
[Date "2011.03.22"]
[Round "1.31"]
[White "Mamedov, Rauf"]
[Black "Raznikov, Danny"]
[Result "1-0"]
[WhiteElo "2667"]
[BlackElo "2384"]
[EventDate "2011.03.22"]
[PlyCount "89"]

1.e4 Nf6 2.e5 Nd5 3.d4 d6 4.exd6 exd6 5.Nf3 Be7 6.c4 Nb6 7.h3 Bf5 8.Be2 
O-O 9.O-O Bf6 10.Nc3 Nc6 11.Be3 Re8 12.Rc1 h6 13.b3 Bh7 14.Bd3 Qd7 15.
Bxh7+ Kxh7 16.c5 Nc8 17.d5 N6e7 18.c6 bxc6 19.dxc6 Qf5 20.g4 Qe6 21.Re1 
Bxc3 22.Rxc3 Qd5 23.Bd4 Rf8 24.Qc2+ Kg8 25.Rd1 Qa5 26.Qb2 f6 27.Qc2 Nd5 
28.Rc4 Nce7 29.b4 Qa6 30.Bb2 Nb6 31.Re4 Ng6 32.Qb3+ Kh8 33.b5 Qc8 34.Nd4 
d5 35.Ree1 Re8 36.Nf5 Nc4 37.Bd4 a6 38.Qf3 Rxe1+ 39.Rxe1 Nd2 40.Qe3 Nc4 
41.Qf3 Nd2 42.Qc3 Ne4 43.Rxe4 dxe4 44.Bxf6 Kh7 45.Bd8 1-0

[Event "12th EUR-ch"]
[Site "Aix-les-Bains FRA"]
[Date "2011.03.22"]
[Round "1.32"]
[White "Miedema, David"]
[Black "Georgiev, Kiril"]
[Result "0-1"]
[WhiteElo "2380"]
[BlackElo "2666"]
[EventDate "2011.03.22"]
[PlyCount "76"]

1.d4 Nf6 2.c4 e6 3.Nf3 d5 4.Nc3 c6 5.e3 Nbd7 6.Bd3 dxc4 7.Bxc4 b5 8.Be2 
Bb7 9.O-O Be7 10.e4 b4 11.e5 bxc3 12.exf6 Nxf6 13.bxc3 O-O 14.Rb1 Qc7 15.
Bf4 Qxf4 16.Rxb7 Nd5 17.g3 Qd6 18.Bd3 Rfb8 19.Rxb8+ Rxb8 20.Ne5 g6 21.Qa4 
Bf6 22.c4 Nc3 23.Qc2 Bxe5 24.dxe5 Qa3 25.Rc1 Nxa2 26.Ra1 Rb2 27.Qd1 Qc5 
28.Qe1 a5 29.h4 Qd4 30.Bf1 Rd2 31.c5 Nb4 32.Ra4 h5 33.Qe3 Qxe3 34.fxe3 Ra2
35.Rxa2 Nxa2 36.Kf2 Nc3 37.Ke1 Ne4 38.Bg2 Nxc5 0-1

[Event "12th EUR-ch"]
[Site "Aix-les-Bains FRA"]
[Date "2011.03.22"]
[Round "1.33"]
[White "Cheparinov, Ivan"]
[Black "Kadric, Denis"]
[Result "1-0"]
[WhiteElo "2664"]
[BlackElo "2379"]
[EventDate "2011.03.22"]
[PlyCount "51"]

1.e4 c5 2.Nf3 d6 3.d4 cxd4 4.Nxd4 Nf6 5.Nc3 a6 6.Bg5 Nbd7 7.Bc4 Qb6 8.Qd2 
Qxb2 9.Rb1 Qa3 10.O-O e6 11.Bxe6 fxe6 12.Nxe6 Qa5 13.f4 Kf7 14.e5 Kxe6 15.
Rbe1 Kf7 16.Kh1 Nb6 17.exf6 gxf6 18.Bxf6 Rg8 19.Bd4 Na4 20.Qe2 Bd7 21.f5 
Rxg2 22.Kxg2 Nxc3 23.Qh5+ Kg8 24.Qg5+ Kf7 25.Qf6+ Kg8 26.Qh8+ 1-0

[Event "12th EUR-ch"]
[Site "Aix-les-Bains FRA"]
[Date "2011.03.22"]
[Round "1.34"]
[White "Csiba, Dominik"]
[Black "Zvjaginsev, Vadim"]
[Result "1/2-1/2"]
[WhiteElo "2378"]
[BlackElo "2663"]
[EventDate "2011.03.22"]
[PlyCount "119"]

1.e4 e6 2.d4 d5 3.Nd2 a6 4.Ngf3 c5 5.exd5 exd5 6.dxc5 Bxc5 7.Nb3 Bb6 8.Bd3
Qe7+ 9.Qe2 Qxe2+ 10.Kxe2 Nf6 11.Re1 O-O 12.Kf1 Bg4 13.Ne5 Be6 14.Be3 Bc7 
15.Bd4 Ne4 16.Bxe4 dxe4 17.Rxe4 Bd5 18.Ree1 f6 19.Ng4 Nc6 20.Bc3 Bb6 21.
Ne3 Be6 22.Nd2 Rae8 23.a3 Bc7 24.Nf3 Rd8 25.Rad1 Bb6 26.Rd2 Rxd2 27.Nxd2 
Ba7 28.Nec4 Bd5 29.Na5 Nxa5 30.Bxa5 Rc8 31.c3 Kf7 32.Bb4 Re8 33.Rxe8 Kxe8 
34.c4 Bc6 35.f3 Be3 36.Nb1 Ba4 37.Nc3 Bb3 38.c5 f5 39.Ke2 Bc1 40.Nd1 Bxd1+
41.Kxd1 Bxb2 42.Kc2 Bd4 43.Kd3 Bg1 44.h3 Kd7 45.Kc4 Kc6 46.a4 g6 47.Ba3 
Be3 48.Bb4 Bf2 49.Ba3 a5 50.Bb2 Bxc5 51.Bc3 Bb6 52.Bd2 Bd8 53.Bc3 h5 54.
Bd2 b6 55.Be3 Be7 56.Bd4 Bb4 57.Be3 Bc5 58.Bf4 Bd6 59.Be3 Bg3 60.Bd2 
1/2-1/2

[Event "12th EUR-ch"]
[Site "Aix-les-Bains FRA"]
[Date "2011.03.22"]
[Round "1.35"]
[White "Fedorchuk, Sergei"]
[Black "Petre, Nad-Titus"]
[Result "1-0"]
[WhiteElo "2662"]
[BlackElo "2377"]
[EventDate "2011.03.22"]
[PlyCount "35"]

1.e4 c5 2.Nf3 e6 3.d4 cxd4 4.Nxd4 a6 5.Be2 Nf6 6.Nc3 Qc7 7.O-O Nc6 8.Be3 
Be7 9.f4 d6 10.Kh1 O-O 11.Qe1 Nxd4 12.Bxd4 b5 13.a3 Bb7 14.Qg3 Rad8 15.Bd3
Rd7 16.Rf3 Ne8 17.Qh3 g6 18.Qxh7+ 1-0

[Event "12th EUR-ch"]
[Site "Aix-les-Bains FRA"]
[Date "2011.03.22"]
[Round "1.36"]
[White "Milliet, Sophie"]
[Black "Khismatullin, Denis"]
[Result "0-1"]
[WhiteElo "2369"]
[BlackElo "2662"]
[EventDate "2011.03.22"]
[PlyCount "132"]

1.e4 c5 2.c3 d6 3.d4 Nf6 4.Bd3 Nc6 5.Nf3 Bg4 6.d5 Bxf3 7.Qxf3 Ne5 8.Bb5+ 
Ned7 9.O-O g6 10.Nd2 Bg7 11.Qe2 O-O 12.f4 a6 13.Ba4 b5 14.Bc2 Qb6 15.a4 
c4+ 16.Kh1 Rae8 17.axb5 axb5 18.b3 Nh5 19.bxc4 Bxc3 20.Rb1 b4 21.e5 Nc5 
22.Ne4 Nxe4 23.Qxe4 dxe5 24.fxe5 f6 25.Bh6 Bxe5 26.Bxf8 Rxf8 27.g4 Ng7 28.
h4 Qd6 29.Rbe1 Ra8 30.h5 Ra3 31.Rf3 Kf8 32.hxg6 hxg6 33.Rxa3 bxa3 34.Bb1 
Qb4 35.Rf1 Qb2 36.Qc2 Qxc2 37.Bxc2 a2 38.Bxg6 a1=Q 39.Rxa1 Bxa1 40.c5 Bd4 
41.c6 Be5 42.Kg2 Ne8 43.Kf3 Nc7 44.Ke4 Kg7 45.Bf5 Kh6 46.Bd7 Kg5 47.Bf5 
Nb5 48.Kd3 Bc7 49.Be6 Nd6 50.Kd4 Bb6+ 51.Kd3 Kf4 52.Bd7 Ke5 53.Be6 Bc7 54.
Bg8 Nc8 55.Kc4 Kd6 56.Kd4 Nb6 57.Bf7 Na4 58.Kc4 Ke5 59.Kb4 Nb6 60.Kc5 Na8 
61.Kb5 Bd6 62.Ka6 Nc7+ 63.Kb7 Nxd5 64.Kc8 Nc7 65.Kd7 Kf4 66.Bh5 Ke5 0-1

[Event "12th EUR-ch"]
[Site "Aix-les-Bains FRA"]
[Date "2011.03.22"]
[Round "1.37"]
[White "Fridman, Daniel"]
[Black "Vuilleumier, Alexandre"]
[Result "1-0"]
[WhiteElo "2661"]
[BlackElo "2369"]
[EventDate "2011.03.22"]
[PlyCount "132"]

1.Nf3 Nf6 2.c4 e6 3.Nc3 d5 4.d4 Be7 5.Bf4 O-O 6.a3 c5 7.dxc5 dxc4 8.Qc2 
Nd5 9.O-O-O Qa5 10.Nxd5 exd5 11.Rxd5 c3 12.Qxc3 Qxc3+ 13.bxc3 Be6 14.Rd2 
Bxc5 15.Kb2 Nd7 16.Nd4 Nb6 17.e3 Rfd8 18.Bd3 Na4+ 19.Kc2 Bxd4 20.cxd4 
Rac8+ 21.Kd1 Rc3 22.Ke2 Rxa3 23.Kf3 Nc3 24.Rb2 Na4 25.Rd2 Nc3 26.Rc1 Bd5+ 
27.Kg3 Ne4+ 28.Bxe4 Bxe4 29.d5 f6 30.Rd4 Bf5 31.h4 Rd3 32.Rd1 Rxd1 33.Rxd1
Bc2 34.Rd4 Rd7 35.e4 Kf7 36.Bd2 b5 37.Ba5 Bb3 38.Kf4 h5 39.Ke3 Bc4 40.Rd1 
Rd6 41.Bb4 Rd7 42.Kd4 Ke8 43.Ra1 Kf7 44.Bc5 a5 45.Rxa5 Bf1 46.g3 Bg2 47.
Rxb5 f5 48.Ke5 Bxe4 49.Be3 Bd3 50.Rc5 Be4 51.Ra5 Bg2 52.Bg5 Be4 53.Rc5 Bg2
54.d6 Be4 55.Rc7 Rxc7 56.dxc7 Bb7 57.Kxf5 Bc8+ 58.Kf4 Ke6 59.Bd8 g6 60.Kg5
Kf7 61.Bf6 Bf5 62.f3 Bc8 63.Bc3 Be6 64.g4 hxg4 65.fxg4 Ke8 66.Kxg6 Kd7 1-0

[Event "12th EUR-ch"]
[Site "Aix-les-Bains FRA"]
[Date "2011.03.22"]
[Round "1.38"]
[White "Rozhko, Dmitry"]
[Black "Smeets, Jan"]
[Result "0-1"]
[WhiteElo "2365"]
[BlackElo "2660"]
[EventDate "2011.03.22"]
[PlyCount "96"]

1.d4 d5 2.Nf3 Nf6 3.c4 c6 4.cxd5 cxd5 5.Nc3 Nc6 6.Bf4 a6 7.Rc1 Qb6 8.Na4 
Qa5+ 9.Bd2 Qc7 10.Ne5 Bd7 11.Nc5 e6 12.Ncxd7 Nxd7 13.Nxc6 bxc6 14.Qa4 Nb8 
15.e3 Ra7 16.Bd3 a5 17.O-O Bd6 18.h3 Qb6 19.Rfd1 Bb4 20.a3 Bxd2 21.Rxd2 
O-O 22.Qc2 g6 23.Qc5 Qxc5 24.Rxc5 a4 25.Rc3 Rd8 26.b4 axb3 27.Rxb3 Kf8 28.
Rdb2 Nd7 29.Rc3 Rc8 30.Rbc2 Nb8 31.Rb2 Ke7 32.Rb6 Kd6 33.h4 Nd7 34.Ra6 
Rxa6 35.Bxa6 Rb8 36.Bd3 e5 37.dxe5+ Nxe5 38.f3 Nxd3 39.Rxd3 c5 40.Kf2 c4 
41.Rd2 c3 42.Rd3 Rb2+ 43.Kg3 c2 44.Rc3 d4 45.exd4 Kd5 46.Rc7 Kxd4 47.Kf4 
Kd3 48.Kg5 Rb1 0-1

[Event "12th EUR-ch"]
[Site "Aix-les-Bains FRA"]
[Date "2011.03.22"]
[Round "1.39"]
[White "Smirin, Ilia"]
[Black "Stella, Andrea"]
[Result "1-0"]
[WhiteElo "2658"]
[BlackElo "2364"]
[EventDate "2011.03.22"]
[PlyCount "65"]

1.e4 c5 2.Nf3 d6 3.d4 cxd4 4.Nxd4 Nf6 5.Nc3 a6 6.Be3 Ng4 7.Bg5 h6 8.Bh4 g5
9.Bg3 Bg7 10.Be2 h5 11.Nf5 Bxf5 12.exf5 h4 13.Bxd6 Nxf2 14.Kxf2 Qb6+ 15.
Kf1 Bxc3 16.Bxe7 Bxb2 17.Bxg5 Rg8 18.Bxh4 Bxa1 19.Qxa1 Nc6 20.Bd3 Qe3 21.
Bf2 Qg5 22.g3 O-O-O 23.Kg2 Rxd3 24.cxd3 Qxf5 25.Rc1 Kb8 26.Rc5 Qxd3 27.Qf6
Qe4+ 28.Qf3 Qxf3+ 29.Kxf3 Kc7 30.Kf4 Kd6 31.Rc2 Ke6 32.Re2+ Ne5 33.Rxe5+ 
1-0

[Event "12th EUR-ch"]
[Site "Aix-les-Bains FRA"]
[Date "2011.03.22"]
[Round "1.40"]
[White "Fejzullahu, Afrim"]
[Black "Feller, Sebastien"]
[Result "0-1"]
[WhiteElo "2341"]
[BlackElo "2657"]
[EventDate "2011.03.22"]
[PlyCount "157"]

1.e4 c5 2.Nf3 e6 3.d4 cxd4 4.Nxd4 a6 5.c4 Nf6 6.Nc3 d6 7.Be3 b6 8.Be2 Bb7 
9.f3 Be7 10.O-O O-O 11.Qd2 Nbd7 12.Rfd1 Rc8 13.Rac1 Qc7 14.Qe1 Qb8 15.Qf2 
Rfe8 16.Bf1 Bd8 17.g3 Bc7 18.b3 Ne5 19.h3 Ba8 20.a4 Ned7 21.g4 Nc5 22.Rb1 
d5 23.b4 Ncd7 24.g5 Nh5 25.cxd5 exd5 26.Nf5 Bf4 27.Nxd5 Bxd5 28.Rxd5 Ne5 
29.Rbd1 Rc3 30.Bg2 Bxe3 31.Nxe3 Nf4 32.Bf1 Nxd5 33.Rxd5 Ng6 34.Nf5 Ne7 35.
Qd4 Nxf5 36.Qxc3 Qg3+ 37.Kh1 Nh4 38.Rd3 Qf2 39.Qc1 Nxf3 40.Bg2 Nh4 41.Qf1 
Qb2 42.Rd7 Rf8 43.b5 axb5 44.axb5 Nxg2 45.Qxg2 Qxb5 46.Qd2 Qb1+ 47.Kh2 
Qxe4 48.Qd6 Qe2+ 49.Kg3 Qe3+ 50.Kg4 f5+ 51.gxf6 Qe4+ 52.Kg3 Qg6+ 53.Kh4 
Qxf6+ 54.Qxf6 Rxf6 55.Kg5 h6+ 56.Kh5 Rf5+ 57.Kg4 Rf7 58.Rd8+ Rf8 59.Rd5 
Rb8 60.Rb5 Kf7 61.h4 g6 62.h5 gxh5+ 63.Rxh5 Rg8+ 64.Kf4 Rg6 65.Ke4 Rd6 66.
Rb5 Ke7 67.Rb1 Kd7 68.Ke5 Rc6 69.Kd4 Kc7 70.Rb5 Kb7 71.Rb1 h5 72.Rg1 Rh6 
73.Rh1 h4 74.Rh3 Rh5 75.Kc4 b5+ 76.Kb4 Kb6 77.Kc3 Kc5 78.Kb3 Kd4 79.Rh1 
0-1

[Event "12th EUR-ch"]
[Site "Aix-les-Bains FRA"]
[Date "2011.03.22"]
[Round "1.41"]
[White "Nyback, Tomi"]
[Black "Beinoras, Mindaugas"]
[Result "1/2-1/2"]
[WhiteElo "2656"]
[BlackElo "2356"]
[EventDate "2011.03.22"]
[PlyCount "71"]

1.d4 d5 2.c4 c6 3.Nf3 Nf6 4.e3 Bf5 5.Nc3 e6 6.Nh4 Bg6 7.Be2 Nbd7 8.O-O Bd6
9.g3 O-O 10.Nxg6 hxg6 11.Qb3 Rb8 12.Rd1 Qe7 13.Bd2 dxc4 14.Bxc4 b5 15.Be2 
c5 16.Qc2 a6 17.Ne4 Nxe4 18.Qxe4 Rfc8 19.Rac1 c4 20.Rc2 Nb6 21.Qf3 e5 22.
dxe5 Bxe5 23.Ba5 Na4 24.b3 Nb2 25.Rd5 Bf6 26.bxc4 Qa3 27.Bd2 Qxa2 28.Rd7 
Qb3 29.Rc3 Bxc3 30.Qxf7+ Kh7 31.Qe6 Nxc4 32.Qh3+ Kg8 33.Qe6+ Kh7 34.Qh3+ 
Kg8 35.Qe6+ Kh8 36.Qh3+ 1/2-1/2

[Event "12th EUR-ch"]
[Site "Aix-les-Bains FRA"]
[Date "2011.03.22"]
[Round "1.42"]
[White "Serov, Maksim"]
[Black "Kurnosov, Igor"]
[Result "1/2-1/2"]
[WhiteElo "2352"]
[BlackElo "2653"]
[EventDate "2011.03.22"]
[PlyCount "126"]

1.d4 g6 2.c4 Bg7 3.Nc3 Nf6 4.e4 d6 5.f3 O-O 6.Be3 c5 7.Nge2 Nc6 8.Qd2 Qa5 
9.Rd1 Bd7 10.dxc5 dxc5 11.Nd5 Nxd5 12.cxd5 Nb4 13.Nc3 Bd4 14.Bd3 Ba4 15.
Ra1 Bc2 16.Bc4 b5 17.Bxb5 Bxe4 18.Bxd4 cxd4 19.fxe4 dxc3 20.bxc3 Qxb5 21.
cxb4 Rac8 22.a3 f5 23.Qe2 Qb6 24.Qf2 fxe4 25.Qxb6 axb6 26.Ke2 Rc2+ 27.Ke3 
Rxg2 28.Kxe4 Rf5 29.Rad1 Rg4+ 30.Ke3 Rgg5 31.d6 Re5+ 32.Kf4 Rgf5+ 33.Kg3 
Re3+ 34.Kg2 exd6 35.Rxd6 b5 36.Rd7 Re2+ 37.Kg3 Re3+ 38.Kg2 Re2+ 39.Kg3 
Re3+ 40.Kg2 Rg5+ 41.Kf2 Rxa3 42.Rc1 Rf5+ 43.Kg2 Ra2+ 44.Kg3 Raf2 45.Rc8+ 
Rf8 46.Rb7 Rf3+ 47.Kg2 Rf2+ 48.Kg3 Rxc8 49.Kxf2 Rf8+ 50.Kg3 Rf5 51.Kg4 Rd5
52.h3 Rd4+ 53.Kg5 Rxb4 54.Rb8+ Kf7 55.Rb7+ Ke6 56.Rxh7 Rb3 57.h4 Rg3+ 58.
Kf4 Rd3 59.Kg5 Rd7 60.Rh6 Kd5 61.Rxg6 Kc5 62.h5 Rb7 63.h6 Rh7 1/2-1/2

[Event "12th EUR-ch"]
[Site "Aix-les-Bains FRA"]
[Date "2011.03.22"]
[Round "1.43"]
[White "Potkin, Vladimir"]
[Black "Sarbok, Torsten"]
[Result "1-0"]
[WhiteElo "2653"]
[BlackElo "2347"]
[EventDate "2011.03.22"]
[PlyCount "35"]

1.d4 d5 2.c4 dxc4 3.e4 Nf6 4.e5 Nd5 5.Bxc4 Nb6 6.Bd3 Nc6 7.Be3 Be6 8.Nc3 
Qd7 9.Nf3 O-O-O 10.O-O Bc4 11.Bxc4 Nxc4 12.d5 N6xe5 13.Nxe5 Nxe5 14.Qd4 
Nc6 15.Qa4 Nb8 16.Qxa7 e6 17.Rac1 exd5 18.Na4 1-0

[Event "12th EUR-ch"]
[Site "Aix-les-Bains FRA"]
[Date "2011.03.22"]
[Round "1.44"]
[White "Maevsky, Nikolay"]
[Black "Gharamian, Tigran"]
[Result "0-1"]
[WhiteElo "2342"]
[BlackElo "2650"]
[EventDate "2011.03.22"]
[PlyCount "62"]

1.c4 e6 2.Nc3 c5 3.Nf3 b6 4.d4 cxd4 5.Nxd4 a6 6.e4 Bb7 7.Be3 d6 8.Be2 Nf6 
9.f3 Be7 10.Qa4+ Nfd7 11.O-O O-O 12.Rfd1 Qc7 13.Qc2 Nf6 14.Rac1 Nbd7 15.
Bf1 Rac8 16.Qf2 Qb8 17.b4 Rfe8 18.a3 Bd8 19.Kh1 Ne5 20.Na4 d5 21.exd5 exd5
22.Nf5 Neg4 23.fxg4 Nxg4 24.Qg1 Qe5 25.Bd4 Qxf5 26.Bd3 Qh5 27.c5 b5 28.Nc3
Bg5 29.Ra1 Be3 30.Bxe3 Rxe3 31.Ne2 Rh3 0-1

[Event "12th EUR-ch"]
[Site "Aix-les-Bains FRA"]
[Date "2011.03.22"]
[Round "1.45"]
[White "Gustafsson, Jan"]
[Black "Buchal, Stephan"]
[Result "1-0"]
[WhiteElo "2647"]
[BlackElo "2337"]
[EventDate "2011.03.22"]
[PlyCount "67"]

1.d4 g6 2.c4 Bg7 3.Nf3 f5 4.g3 Nf6 5.Bg2 O-O 6.O-O d6 7.Nc3 Qe8 8.d5 Na6 
9.Rb1 Nc5 10.b4 Nce4 11.Bb2 a5 12.a3 e5 13.dxe6 Bxe6 14.Nxe4 fxe4 15.Nd2 
Bf5 16.e3 axb4 17.axb4 Qe6 18.Ra1 c6 19.Rxa8 Rxa8 20.Qc2 d5 21.cxd5 cxd5 
22.Nb3 Bg4 23.Nc5 Qc6 24.Qb3 Kh8 25.Rc1 Be2 26.Nxe4 Qxc1+ 27.Bxc1 dxe4 28.
Bb2 Rd8 29.Bd4 Bd3 30.Qf7 Rd7 31.Qe6 Rc7 32.h3 Bc4 33.Qb6 Rf7 34.Bxe4 1-0

[Event "12th EUR-ch"]
[Site "Aix-les-Bains FRA"]
[Date "2011.03.22"]
[Round "1.46"]
[White "Getz, Nicolai"]
[Black "Korobov, Anton"]
[Result "0-1"]
[WhiteElo "2333"]
[BlackElo "2647"]
[EventDate "2011.03.22"]
[PlyCount "76"]

1.e4 c5 2.Nf3 d6 3.d4 cxd4 4.Nxd4 Nf6 5.Nc3 a6 6.Be3 e6 7.f3 b5 8.g4 h6 9.
Qd2 Nbd7 10.h4 b4 11.Nce2 d5 12.Bh3 dxe4 13.g5 hxg5 14.hxg5 Nd5 15.g6 Ne5 
16.gxf7+ Kxf7 17.Bxe6+ Bxe6 18.Rxh8 Nc4 19.Nxe6 Kxe6 20.Qxd5+ Kxd5 21.Rd1+
Kc6 22.Rxd8 Rxd8 23.Bg5 Re8 24.fxe4 b3 25.Nd4+ Kd7 26.Ke2 bxa2 27.Rh1 Nxb2
28.Kf3 Na4 29.Ra1 Nc3 30.Bd2 Nxe4 31.Ba5 Ng5+ 32.Kf4 Re4+ 33.Kxg5 Rxd4 34.
Rxa2 Ke6 35.Be1 Be7+ 36.Kg6 Rg4+ 37.Kh7 Kf7 38.Rxa6 Rg2 0-1

[Event "12th EUR-ch"]
[Site "Aix-les-Bains FRA"]
[Date "2011.03.22"]
[Round "1.47"]
[White "Tkachiev, Vladislav"]
[Black "Pavlidis, Anastasios"]
[Result "1-0"]
[WhiteElo "2646"]
[BlackElo "2321"]
[EventDate "2011.03.22"]
[PlyCount "85"]

1.c4 Nf6 2.Nc3 g6 3.g3 Bg7 4.Bg2 O-O 5.Nf3 d6 6.O-O e5 7.d4 Nbd7 8.e4 c6 
9.b3 Qb6 10.Rb1 exd4 11.Nxd4 Nc5 12.Nde2 Re8 13.Be3 Qc7 14.f3 Nfd7 15.Qd2 
a5 16.Rfd1 Bf8 17.Nd4 Ne5 18.h3 Ne6 19.Nxe6 Bxe6 20.f4 Nd7 21.Bd4 f6 22.
Re1 Bf7 23.Rbd1 Be7 24.Qf2 Bf8 25.Na4 Qc8 26.Re2 Ra6 27.Red2 Qb8 28.Kh1 
Qc8 29.Rd3 Ra8 30.Bb2 Be7 31.Qd2 b5 32.cxb5 cxb5 33.Nc3 Nc5 34.Re3 Rb8 35.
Nd5 Bxd5 36.Qxd5+ Qe6 37.Qd2 Qc8 38.e5 dxe5 39.fxe5 f5 40.Bd5+ Ne6 41.Rc3 
Qd7 42.Rc6 Bg5 43.Bxe6+ 1-0

[Event "12th EUR-ch"]
[Site "Aix-les-Bains FRA"]
[Date "2011.03.22"]
[Round "1.48"]
[White "Giffard, Nicolas"]
[Black "Andriasian, Zaven"]
[Result "0-1"]
[WhiteElo "2318"]
[BlackElo "2645"]
[EventDate "2011.03.22"]
[PlyCount "90"]

1.d4 d5 2.c4 e6 3.Nf3 Nf6 4.Nc3 c6 5.e3 Nbd7 6.Bd3 dxc4 7.Bxc4 b5 8.Bd3 
Bd6 9.a4 b4 10.Ne4 Nxe4 11.Bxe4 Bb7 12.a5 Rc8 13.a6 Ba8 14.Nd2 O-O 15.O-O 
c5 16.Bxa8 Rxa8 17.Nc4 Be7 18.Bd2 cxd4 19.exd4 Nb6 20.Na5 Rc8 21.Be3 Qd5 
22.Qe2 Bf6 23.Rfd1 Qf5 24.Nb7 Rc2 25.Rd2 Rxd2 26.Qxd2 Qb5 27.b3 Nd5 28.Nd6
Qc6 29.Nc4 h6 30.Qd3 Rd8 31.Ne5 Bxe5 32.dxe5 Qc3 33.Rd1 Rc8 34.Kf1 Qxe5 
35.Bxa7 Rc3 36.Qd2 Qxh2 37.Bd4 Qh1+ 38.Ke2 Qxg2 39.a7 Qf3+ 40.Ke1 Rc8 41.
Ra1 Nf4 42.a8=Q Ng2+ 43.Kf1 Rxa8 44.Rxa8+ Qxa8 45.Qxb4 Nf4 0-1

[Event "12th EUR-ch"]
[Site "Aix-les-Bains FRA"]
[Date "2011.03.22"]
[Round "1.49"]
[White "Sjugirov, Sanan"]
[Black "Nuri, Kambez"]
[Result "0-1"]
[WhiteElo "2643"]
[BlackElo "2314"]
[EventDate "2011.03.22"]
[PlyCount "92"]

1.e4 c5 2.Nf3 Nc6 3.Bb5 e6 4.O-O Nge7 5.b3 a6 6.Bxc6 Nxc6 7.Bb2 b5 8.a4 b4
9.d3 d6 10.d4 cxd4 11.Nxd4 Bb7 12.Nxc6 Bxc6 13.Nd2 f6 14.Qh5+ g6 15.Qh3 e5
16.f4 Qd7 17.Qd3 Be7 18.Nc4 O-O 19.Nb6 Qa7 20.a5 Rf7 21.Rf2 Raf8 22.Qc4 
Qb7 23.Re1 d5 24.exd5 Bb5 25.Qe4 Bc5 26.Qf3 exf4 27.Re4 Bxf2+ 28.Qxf2 Re7 
29.Qxf4 Rxe4 30.Qxe4 Re8 31.Qxb4 Qc7 32.Bc3 Re2 33.Qd4 Rxc2 34.Nc4 Rc1+ 
35.Kf2 Bxc4 36.d6 Rc2+ 37.Bd2 Rxd2+ 38.Qxd2 Qa7+ 39.Kg3 Bb5 40.b4 Kg7 41.
h3 Qd7 42.Qd4 Qf5 43.Qa7+ Kh6 44.Qb8 Qe5+ 45.Kf2 Qb2+ 46.Kg3 Bc6 0-1

[Event "12th EUR-ch"]
[Site "Aix-les-Bains FRA"]
[Date "2011.03.22"]
[Round "1.50"]
[White "Stanciu, Alexandru-Ovidiu"]
[Black "Sokolov, Ivan"]
[Result "0-1"]
[WhiteElo "2308"]
[BlackElo "2643"]
[EventDate "2011.03.22"]
[PlyCount "60"]

1.e4 g6 2.d4 Bg7 3.c4 d6 4.Nc3 Nc6 5.Nge2 a6 6.Bg5 Rb8 7.Qd2 f5 8.f4 b5 9.
cxb5 axb5 10.d5 b4 11.dxc6 bxc3 12.Nxc3 fxe4 13.Bc4 Nh6 14.Bxh6 Bxh6 15.
Qd4 Rf8 16.O-O e6 17.Qxe4 Rf6 18.Nd5 Rf7 19.Rae1 Kf8 20.b3 exd5 21.Qxd5 
Qf6 22.a4 Qf5 23.Qxf7+ Qxf7 24.Bxf7 Kxf7 25.Re3 Bg7 26.Kh1 Bd4 27.Re4 Bf6 
28.Re3 Rb6 29.Rc1 d5 30.Rc5 Bd4 0-1

[Event "12th EUR-ch"]
[Site "Aix-les-Bains FRA"]
[Date "2011.03.22"]
[Round "1.51"]
[White "Pashikian, Arman"]
[Black "Ptacnikova, Lenka"]
[Result "1-0"]
[WhiteElo "2642"]
[BlackElo "2307"]
[EventDate "2011.03.22"]
[PlyCount "75"]

1.d4 Nf6 2.Nf3 e6 3.c4 Bb4+ 4.Nbd2 O-O 5.a3 Be7 6.b4 a5 7.b5 a4 8.e3 c6 9.
Bd3 d5 10.Rb1 Nbd7 11.O-O c5 12.Bb2 cxd4 13.exd4 dxc4 14.Nxc4 Nb6 15.Nce5 
Nbd5 16.g3 Qa5 17.Qe2 Bd7 18.Ng5 Be8 19.Rfc1 Rd8 20.h4 g6 21.Rc2 Kg7 22.
Bc1 Qa8 23.Qd1 Qa7 24.Qd2 Ng8 25.Bb2 Ngf6 26.Re1 Ra8 27.Qe2 Qa5 28.Rec1 
Qd8 29.Re1 Qa5 30.Kf1 Nh5 31.Bc1 Qb6 32.Nxh7 Nhf4 33.gxf4 Kxh7 34.h5 Qxd4 
35.hxg6+ fxg6 36.Nxg6 Rf5 37.Bxf5 exf5 38.Bb2 1-0

[Event "12th EUR-ch"]
[Site "Aix-les-Bains FRA"]
[Date "2011.03.22"]
[Round "1.52"]
[White "Snuverink, Jochem"]
[Black "Alexandrov, Alexei"]
[Result "0-1"]
[WhiteElo "2307"]
[BlackElo "2638"]
[EventDate "2011.03.22"]
[PlyCount "84"]

1.e4 e5 2.Nf3 Nc6 3.c3 d5 4.Qa4 f6 5.d3 Ne7 6.Be2 g5 7.h4 g4 8.Nfd2 h5 9.
b4 Ng6 10.exd5 Qxd5 11.Ne4 Bg7 12.b5 Nce7 13.c4 Qd4 14.Nbc3 Nf4 15.Kf1 f5 
16.Be3 Qd8 17.Ng5 Nxe2 18.Nxe2 f4 19.Bc5 f3 20.Ng3 fxg2+ 21.Kxg2 Ng6 22.
Be3 b6 23.c5 Qd5+ 24.Qe4 Qxe4+ 25.dxe4 bxc5 26.Rac1 Bf8 27.Rc3 a6 28.a4 
axb5 29.axb5 Ra2 30.Nf5 Nf4+ 31.Bxf4 exf4 32.Rd1 Rb2 33.Rd5 Bxf5 34.Rxf5 
Bd6 35.e5 Rf8 36.exd6 Rxf5 37.dxc7 Kd7 38.Ne6 Rd5 39.Nxf4 Rf5 40.Kg3 Kxc7 
41.f3 gxf3 42.Rxf3 Kb6 0-1

[Event "12th EUR-ch"]
[Site "Aix-les-Bains FRA"]
[Date "2011.03.22"]
[Round "1.53"]
[White "Bartel, Mateusz"]
[Black "Tate, Alan"]
[Result "1-0"]
[WhiteElo "2638"]
[BlackElo "2300"]
[EventDate "2011.03.22"]
[PlyCount "49"]

1.e4 c5 2.Nc3 d6 3.Nge2 Nf6 4.g3 Nc6 5.Bg2 g6 6.O-O Bg7 7.a3 O-O 8.Rb1 Rb8
9.b4 Nd7 10.d3 b6 11.Bg5 Bb7 12.Qd2 Nd4 13.Nxd4 cxd4 14.Nb5 Bc6 15.Nxa7 
Ba4 16.b5 Ne5 17.Rb4 Ra8 18.Rxa4 Qc7 19.f4 Ng4 20.Bxe7 Qxe7 21.Nc6 Qc7 22.
Rxa8 Rxa8 23.Ra1 Re8 24.Bf3 Ne3 25.c3 1-0

[Event "12th EUR-ch"]
[Site "Aix-les-Bains FRA"]
[Date "2011.03.22"]
[Round "1.54"]
[White "Denisov, Ivan"]
[Black "Khalifman, Alexander"]
[Result "1/2-1/2"]
[WhiteElo "2300"]
[BlackElo "2637"]
[EventDate "2011.03.22"]
[PlyCount "58"]

1.e4 Nf6 2.e5 Nd5 3.c4 Nb6 4.d4 d6 5.f4 g6 6.Nc3 Bg7 7.Be3 Be6 8.d5 Bc8 9.
Nf3 O-O 10.Bd3 e6 11.O-O Na6 12.Be2 exd5 13.cxd5 Bg4 14.Bd4 Nb4 15.Qb3 c5 
16.dxc6 Nxc6 17.Bxb6 Qxb6+ 18.Qxb6 axb6 19.exd6 Rfd8 20.Rfd1 Bf8 21.h3 
Bxf3 22.Bxf3 Bxd6 23.g3 Bc5+ 24.Kg2 Bd4 25.a3 Bxc3 26.bxc3 Kf8 27.Kf2 Rxd1
28.Bxd1 Rd8 29.Be2 Na5 1/2-1/2

[Event "12th EUR-ch"]
[Site "Aix-les-Bains FRA"]
[Date "2011.03.22"]
[Round "1.55"]
[White "Khairullin, Ildar"]
[Black "L'Ami, Alina"]
[Result "1-0"]
[WhiteElo "2634"]
[BlackElo "2297"]
[EventDate "2011.03.22"]
[PlyCount "93"]

1.c4 g6 2.Nc3 Bg7 3.g3 Nf6 4.Bg2 O-O 5.d4 d6 6.Nf3 c6 7.O-O Bf5 8.Ne1 Qc8 
9.e4 Bh3 10.Qe2 Bxg2 11.Kxg2 c5 12.d5 e6 13.Bf4 exd5 14.cxd5 Re8 15.f3 Qd7
16.Rd1 a6 17.a4 Nh5 18.Bg5 f6 19.Bd2 f5 20.Nc2 b5 21.axb5 axb5 22.Qxb5 
Bxc3 23.Qxd7 Nxd7 24.Bxc3 fxe4 25.f4 Nb6 26.g4 e3 27.Rde1 e2 28.Rf3 Ng7 
29.Ne3 Re4 30.Kf2 Rf8 31.f5 gxf5 32.Bxg7 Kxg7 33.Nxf5+ Kh8 34.Nxd6 Ref4 
35.Rxf4 Rxf4+ 36.Kg3 Nxd5 37.Rxe2 Rb4 38.Nf5 Kg8 39.Kh4 Nf6 40.h3 h5 41.
Kg5 Nd5 42.gxh5 c4 43.Re8+ Kh7 44.Rd8 c3 45.bxc3 Nxc3 46.Rd7+ Kh8 47.Ne7 
1-0